000
00307 a2200121 4500
040
_a
DLC
_b
DLC
100
_a
Mohsin Ehsan
245
_a
Nashanida
_c
Mohsin Ehsan
_h
(urdu)
260
_a
Lahore:
_b
AlHammd Publications,
_c
1993.
300
_a
200 p. ;
_c
24cm.
650
_a
Urdu poetry
942
_c
BK
_k
891.4391 MOH
_2
ddc
999
_c
9872
_d
9872